Подробности
| 000 -МАРКЕР |
| контрольное поле |
01343nam0a2200289 4500 |
| 001 - ИДЕНТИФИКАТОР ЗАПИСИ |
| контрольное поле |
RU\NLR\bibl\514417 |
| 005 - ИДЕНТИФИКАТОР ВЕРСИИ |
| контрольное поле |
20260405055526.0 |
| 010 ## - МЕЖДУНАРОДНЫЙ СТАНДАРТНЫЙ НОМЕР КНИГИ (ISBN) |
| Номер (ISBN) |
5-88165-008-5 |
| Тираж |
5000 |
| 035 ## - ДРУГИЕ СИСТЕМНЫЕ НОМЕРА |
| Идентификатор записи |
(NLR Aleph) 000506870 |
| 100 ## - ДАННЫЕ ОБЩЕЙ ОБРАБОТКИ |
| Данные общей обработки |
20040422d1996 |||y0rusy50 ca |
| 101 1# - ЯЗЫК РЕСУРСА |
| Язык текста, звукозаписи и т.д. |
русский |
| Язык оригинала |
персидский, фарси |
| 102 ## - СТРАНА ПУБЛИКАЦИИ ИЛИ ПРОИЗВОДСТВА |
| Страна публикации |
Российская Федерация |
| 105 ## - ПОЛЕ КОДИРОВАННЫХ ДАННЫХ: ТЕКСТОВЫЕ МАТЕРИАЛЫ, МОНОГРАФИЧЕСКИЕ |
| Кодированные данные о монографическом текстовом документе |
a ||||||||| |
| 200 1# - ЗАГЛАВИЕ И СВЕДЕНИЯ ОБ ОТВЕТСТВЕННОСТИ |
| Основное заглавие |
Вис и Рамин |
| Сведения, относящиеся к заглавию |
[Поэма] |
| Первые сведения об ответственности |
Фахриддин Гургани |
| Последующие сведения об ответственности |
[Пер. с перс. Семена Липкина |
| -- |
Ил. Михаила Ромадина] |
| 210 ## - ПУБЛИКАЦИЯ, РАСПРОСТРАНЕНИЕ И ДР. |
| Место издания, распространения и т.д. |
Петрозаводск |
| Имя издателя, распространителя и т. д. |
Карпован сизарексет |
| Дата издания, распространения и т.д. |
1996 |
| 215 ## - ФИЗИЧЕСКАЯ ХАРАКТЕРИСТИКА |
| Специфическое обозначение материала и объем |
390, [1] с. |
| Другие сведения о физической характеристике |
цв. ил. |
| Размеры |
25 |
| 300 ## - ОБЩИЕ ПРИМЕЧАНИЯ |
| Текст примечания |
На обл. авт. не указан |
| 604 ## - ИМЯ И ЗАГЛАВИЕ КАК ПРЕДМЕТ |
| Связываемые данные |
700#1$aГургани$bФ.$gФахриддин$f11в. |
| -- |
50010$a"Вис и Рамин"$2nlr_sh1$2nlr_sh2$3RU\NLR\AUTH\661393383 |
| Имя лица |
Гургани, Фахриддин (11в.) |
| Заглавие |
"Вис и Рамин" |
| Системный номер авторитетной/нормативной записи |
2329979 |
| Идентификатор авторитетной/нормативной записи |
RU\NLR\AUTH\661393383 |
| 686 ## - ИНДЕКСЫ ДРУГИХ КЛАССИФИКАЦИЙ |
| Индекс |
Ш5(0)952.314-4Гургани |
| 700 #1 - ИМЯ ЛИЦА - ПЕРВИЧНАЯ ОТВЕТСТВЕННОСТЬ |
| Код отношения |
Автор |
| Материалы, к которым относится поле |
rus |
| Графика поля |
Кириллица |
| Начальный элемент ввода |
Гургани |
| Часть имени, кроме начального элемента ввода |
Ф. |
| Даты |
11 в. |
| Расширение инициалов личного имени |
Фахриддин |
| Идентификатор авторитетной/нормативной записи |
RU\NLR\auth\7719038 |
| Системный номер авторитетной/нормативной записи |
2113 |
| 702 #1 - ИМЯ ЛИЦА - ВТОРИЧНАЯ ОТВЕТСТВЕННОСТЬ |
| Код отношения |
Переводчик |
| Материалы, к которым относится поле |
rus |
| Графика поля |
Кириллица |
| Начальный элемент ввода |
Липкин |
| Часть имени, кроме начального элемента ввода |
С. И. |
| Даты |
1911-2003 |
| Расширение инициалов личного имени |
Семен Израилевич |
| Идентификатор авторитетной/нормативной записи |
RU\NLR\auth\7719041 |
| Системный номер авторитетной/нормативной записи |
2116 |
| 801 #0 - ИСТОЧНИК ЗАПИСИ |
| Страна |
Российская Федерация |
| Организация |
NLR |
| Дата составления |
20040422 |
| Правила каталогизации |
PSBO |
| 801 #1 - ИСТОЧНИК ЗАПИСИ |
| Страна |
Российская Федерация |
| Организация |
NLR |
| Дата составления |
20040422 |
| 942 ## - ДОПОЛНИТЕЛЬНЫЕ ЭЛЕМЕНТЫ ЗАПИСИ (АБИС) |
| Тип экземпляра АБИС |
Книга |
| 980 ## - КОЛЛЕКЦИЯ |
| Название коллекции |
Национальная библиография |